000 00985nam a22002537a 4500
999 _c64556
_d64556
005 20240530110737.0
008 180906s2005 ua g 000 0 ara d
017 _a2005/15006
_bمصر. دار الكتب
020 _a9773459993
040 _aEG-CaGPL
_cEG-CaGPL
082 0 4 _221
_a210.4/
_bع ح
100 0 _aعبدالعظيم المطعنى
245 1 0 _aحقوق المرأة والطفل بين الاسلام والوثائق الدولية :
_bنقد لوثيقة بكين /
_cتاليف عبدالعظيم المطعنى
250 _aط.1
260 _aالقاهرة :
_bدار الفاروق للنشر والتوزيع،
_c2005.
300 _a200 ص. ؛
_c24 سم.
650 0 7 _2qrmak
_aالمرأة فى الاسلام
650 0 7 _2qrmak
_aحقوق المرأة
650 0 7 _2qrmak
_aالمرأة
_x رعاية اجتماعية
650 0 7 _2qrmak
_aحقوق الطفل
651 _2qrmak
942 _2ddc
_cBK